Polscy Raperzy - Statystyki

Ogólne statystyki
  • Ten quiz został rozwiązany 58 razy
  • Średni wynik to 18 z 102
Statystyki odpowiedzi
Hint Odpowiedź % Poprawnych
6 Bedoes
80%
91 White 2115
78%
83 Taco Hemingway
65%
63 Quebonafide
63%
94 Young igi
60%
44 Malik Montana
58%
11 Białas
50%
54 Paluch
50%
65 Reto
50%
96 Żabson
50%
73 Sobel
48%
80 Szpaku
48%
95 Young multi
48%
52 Otsochodzi
43%
72 Smolasty
43%
84 Tede
43%
87 Tymek
43%
12 Blacha
40%
30 Guzior
40%
56 Peja
40%
76 Solar
40%
37 Kali
35%
57 Pezet
33%
7 Beteo
30%
42 Kękę
30%
14 Borixon
28%
28 Grubson
28%
33 Jan-Rapowanie
28%
82 Słoń
28%
75 Sokół
28%
90 Wac Toja
25%
97 Zeamsone
25%
49 O.S.T.R
23%
16 Chada
18%
18 Deys
18%
38 Kartky
18%
60 Planbe
18%
67 Sarius
18%
20 donguralesko
15%
25 Gedz
15%
3 BRO
13%
15 Buka
13%
23 Filipek
13%
100 schafter
13%
74 Sobota
13%
8 Bezczel
10%
41 Kuban
10%
69 Sitek
10%
9 be vis
8%
31 Hinol
8%
64 Rahim
8%
99 Zeus
8%
2 Anatom
5%
36 Kaen
5%
39 Kleszcz
5%
47 Małach
5%
58 Pih
5%
61 Pokahontaz
5%
68 Siles
5%
71 Śliwa
5%
77 Sulin
5%
85 Ten Typ Mes
5%
88 Tymin
5%
102 zbuku
5%
1 Adma
3%
5 Bas Tajpan
3%
10 Biak
3%
13 Bob one
3%
4 BRYAN
3%
17 Cira
3%
19 Diset
3%
21 Emes MIligan
3%
22 Fejz
3%
24 Frosti Rege
3%
26 Gospel
3%
27 Grizzlee
3%
29 Gural
3%
32 Hukos
3%
34 Joda
3%
40 Kobik
3%
35 KVBX
3%
43 Leh
3%
45 Mam na imie Aleksander
3%
46 Marianne
3%
50 Obi
3%
51 Oski
3%
53 Oxon
3%
55 Pater
3%
59 Pit
3%
62 Qbik
3%
66 Rover
3%
78 Symer
3%
81 Sztoss
3%
86 Tkm
3%
89 Vixen
3%
93 Włodi
3%
92 Wzór
3%
101 zarzycki
3%
98 Zero
3%
48 NOVY YA
0%
70 Skip
0%
79 Szopen
0%
Nie znaleziono quizów pasujących do podanych kryteriów
Rozkład punktacji
Procent ludzi z każdym wynikiem
Percentyl według liczby udzielonych odpowiedzi
Twoja historia wyników
Nie rozwiązałeś tego quizu